Połączone państwa na mapie świata #4 - Statystyki

Ogólne statystyki
  • Ten quiz został rozwiązany 8 938 razy
  • Średni wynik to 13 z 20
Odpowiedzi na mapie
Odpowiedzi zakodowano w zielono-czerwonej skali na mapie do tego quizu, zgodnie z poniższymi procentami.
 
Statystyki odpowiedzi
Państwo % Poprawnych
Stany Zjednoczone
94%
Meksyk
88%
Niemcy
79%
Holandia
75%
Kazachstan
74%
Włochy
74%
Chile
73%
Czad
73%
Boliwia
70%
Szwajcaria
70%
Uzbekistan
67%
Demokratyczna Republika Konga
66%
Oman
66%
Jemen
65%
Republika Środkowoafrykańska
65%
Uganda
52%
Wybrzeże Kości Słoniowej
52%
Ghana
51%
Ukraina
48%
Mołdawia
46%
Nie znaleziono quizów pasujących do podanych kryteriów
Rozkład punktacji
Procent ludzi z każdym wynikiem
Percentyl według liczby udzielonych odpowiedzi
Twoja historia wyników
Nie rozwiązałeś tego quizu